BIBLIOTECA

SENCICO

Productividad del recurso humano (Registro nro. 1543)

Detalles MARC
000 -LEADER
fixed length control field 00794nam a2200229Ia 4500
005 - DATE AND TIME OF LATEST TRANSACTION
control field 20251020182514.0
008 - FIXED-LENGTH DATA ELEMENTS--GENERAL INFORMATION
fixed length control field 200515s9999 xx 000 0 und d
020 ## - INTERNATIONAL STANDARD BOOK NUMBER
International Standard Book Number 958-653-059-0
082 ## - DEWEY DECIMAL CLASSIFICATION NUMBER
Classification number 658.36/C28
100 ## - MAIN ENTRY--PERSONAL NAME
Personal name CASCIO, Wayne
245 #0 - TITLE STATEMENT
Title Productividad del recurso humano
260 ## - PUBLICATION, DISTRIBUTION, ETC.
Place of publication, distribution, etc. Santafé de Bogotá, D.C.
260 ## - PUBLICATION, DISTRIBUTION, ETC.
Name of publisher, distributor, etc. Legis Fondo Editorial
260 ## - PUBLICATION, DISTRIBUTION, ETC.
Date of publication, distribution, etc. 1993
300 ## - PHYSICAL DESCRIPTION
Extent 325 p.
300 ## - PHYSICAL DESCRIPTION
Other physical details tbls.
500 ## - GENERAL NOTE
General note 1 ejemplar
520 ## - SUMMARY, ETC.
Summary, etc. Se incluyen los más actualizados aspectos del coste3o de los recursos humanos: Resumen y crítica de la contabilidad de recursos humanos. Manejo, causas y costos de rotación y absentismo. Costos y consecuencias de fumar en el trabajo. Sistematización del a
650 ## - SUBJECT ADDED ENTRY--TOPICAL TERM
Topical term or geographic name entry element RECURSOS HUMANOS
942 ## - ADDED ENTRY ELEMENTS (KOHA)
Koha item type Libros
Existencias
Fecha de la última vez que lo usaron Pago total Signatura topográfica completa Código de barras Precio efectivo desde Tipo de documento Estado perdido Estado dañado No es para préstamo Retirado Ubicación permanente Ubicación actual Fecha de adquisición
15/05/2020   658.36/C28 Bib-Lima15051543 15/05/2020 Libros         Biblioteca Central Lima Biblioteca Central Lima 15/05/2020